000 00350nam a2200133Ia 4500
005 20260328104252.0
008 260328s9999||||xx |||||||||||||| ||und||
100 _aSaldarriaga Roa, Alberto
245 0 _aPremio Corona Pro Arquitectura /
_cAlberto Saldarriaga Roa
260 _bHorizonte
300 _a95 p.
650 _aLATINOAMERICA
942 _cBK
999 _c10276
_d10276